Every Women's Gymnastics Team Medalists - Statistics

General Stats
  • This quiz has been taken 15 times
  • The average score is 26 of 426
Answer Stats
Hint Answer % Correct
- United States
85%
- China
69%
- Russia
69%
- Simone Biles
69%
- Soviet Union
69%
- Japan
62%
- Romania
62%
- East Germany
54%
- Italy
54%
- Czechoslovakia
46%
- France
46%
- Gabby Douglas
46%
- Great Britain
46%
- Nastia Liukin
46%
- Aly Raisman
38%
- Australia
38%
- Hungary
38%
- McKayla Maroney
38%
- Poland
38%
- Shawn Johnson
38%
- Sunisa Lee
38%
- Ukraine
38%
- Jade Carey
31%
- Kyla Ross
31%
- Morgan Hurd
31%
- Sweden
31%
- Yugoslavia
31%
- Aliya Mustafina
23%
- Brenna Dowell
23%
- Chellsie Memmel
23%
- Dominique Dawes
23%
- Dominique Moceanu
23%
- Grace McCallum
23%
- Kerri Strug
23%
- Madison Kocian
23%
- Maggie Nichols
23%
- MyKayla Skinner
23%
- Alice D'Amato
15%
- Alicia Sacramone
15%
- Angelina Melnikova
15%
- Ashton Locklear
15%
- Asia D'Amato
15%
- Carly Patterson
15%
- Cheng Fei
15%
- Daniela Silivaș
15%
- Deng Linlin
15%
- He Kexin
15%
- Jordyn Wieber
15%
- Kara Eaker
15%
- Larisa Latynina
15%
- Nadia Comăneci
15%
- Rebecca Bross
15%
- Riley McCusker
15%
- Shannon Miller
15%
- Viktoria Komova
15%
- Yao Jinnan
15%
- Yelena Shushunova
15%
- Ágnes Keleti
8%
- Albina Shishova
8%
- Alyssa Baumann
8%
- Amy Chow
8%
- Amy Tinkler
8%
- Anca Grigoraș
8%
- Angelika Hellmann
8%
- Aurelia Dobre
8%
- Bai Yawen
8%
- Becky Downie
8%
- Betty Okino
8%
- Bridget Sloan
8%
- Camelia Voinea
8%
- Cătălina Ponor
8%
- Celestina Popa
8%
- Claudia Fragapane
8%
- Courtney Kupets
8%
- Dagmar Kersten
8%
- Dumitrița Turner
8%
- Ecaterina Szabo
8%
- Elena Leușteanu
8%
- Elena Mukhina
8%
- Elisa Iorio
8%
- Ellie Downie
8%
- Elvira Saadi
8%
- Emilia Eberle
8%
- Erika Zuchold
8%
- Eugenia Golea
8%
- Fan Yilin
8%
- Gabriela Potorac
8%
- Gina Gogean
8%
- Giorgia Villa
8%
- Huang Qiushuang
8%
- Ivana Hong
8%
- Jana Bieger
8%
- Karin Janz
8%
- Karola Sube
8%
- Katharina Rensch
8%
- Kim Zmeskal
8%
- Ksenia Afanasyeva
8%
- Ksenia Semenova
8%
- Laura Cutina
8%
- Lavinia Agache
8%
- Li Shanshan
8%
- Liu Tingting
8%
- Ludmilla Tourischeva
8%
- Mackenzie Caquatto
8%
- Maria Filatova
8%
- Maria Gorokhovskaya
8%
- Márta Egervári
8%
- Mattie Larson
8%
- Maxi Gnauck
8%
- Ma Yanhong
8%
- Melita Ruhn
8%
- Mihaela Stănuleţ
8%
- Mo Huilan
8%
- Natalia Ilienko
8%
- Natalia Kuchinskaya
8%
- Natalia Shaposhnikova
8%
- Natalia Yurchenko
8%
- Nellie Kim
8%
- Nina Dronova
8%
- Oksana Chusovitina
8%
- Oksana Omelianchik
8%
- Olga Bicherova
8%
- Olga Korbut
8%
- Olga Mostepanova
8%
- Polina Astakhova
8%
- Regina Grabolle
8%
- Rodica Dunca
8%
- Sabrina Vega
8%
- Samantha Peszek
8%
- Sandra Izbașa
8%
- Shang Chunsong
8%
- Simona Amânar
8%
- Sofia Muratova
8%
- Sonia Iovan
8%
- Steffi Kräker
8%
- Stella Zakharova
8%
- Sui Lu
8%
- Svetlana Agapova
8%
- Svetlana Khorkina
8%
- Tamara Lazakovich
8%
- Tamara Manina
8%
- Tatiana Frolova
8%
- Tatiana Gutsu
8%
- Tatiana Nabieva
8%
- Teodora Ungureanu
8%
- Ulrike Klotz
8%
- Věra Čáslavská
8%
- Wang Yan
8%
- Yelena Davydova
8%
- Yelena Naimushina
8%
- Yelena Produnova
8%
- Adolfína Tkačíková
0%
- Ágnes Bánfai
0%
- Aleksandra Shchekoldina
0%
- Alena Chadimová
0%
- Alena Reichová
0%
- Alexandra Eremia
0%
- Alexandra Lemoine
0%
Alexandra Marinescu
0%
- Alice Kertész
0%
- Allana Slater
0%
- Alla Sosnitskaya
0%
- Amanda Borden
0%
- Anastasia Agafonova
0%
- Andreea Cacovean
0%
- Andreea Grigore
0%
- Andreea Isărescu
0%
- Andreea Răducan
0%
- Andreea Ulmeanu
0%
- Angelina Simakova
0%
- Anna Dementyeva
0%
- Anna Grudko
0%
- Anna Kovaliova
0%
- Anna Marejková
0%
- Anna Monlarini
0%
- Anna Pavlova
0%
- Annelore Zinke
0%
- Annett Lindner
0%
- Ann-Sofi Pettersson
0%
- Ashley Miles
0%
- Ashley Priess
0%
- Astrid Heese
0%
- Atanasia Ionescu
0%
- Aura Andreea Munteanu
0%
- Bärbel Röhrich
0%
- Belinda Archer
0%
- Bettina Schieferdecker
0%
- Birgit Senff
0%
- Birgit Süß
0%
- Bi Wenjing
0%
- Bohumila Řimnáčová
0%
- Carmen Ionescu
0%
- Cerasela Pătrașcu
0%
- Chen Cuiting
0%
- Chen Siyi
0%
- Chen Yile
0%
- Chen Yongyan
0%
- Christine Palau
0%
- Christine Schmitt
0%
- Claudia Presăcan
0%
- Colette Hué
0%
- Corina Ungureanu
0%
- Cristina Bontaș
0%
- Daniela Druncea
0%
- Daniela Mărănducă
0%
- Danielle Kelly
0%
- Daria Spiridonova
0%
- Desiree Carofiglio
0%
- Diana Morawe
0%
- Dina Kochetkova
0%
- Donielle Thompson
0%
- Dörte Thümmler
0%
- Edit Perényi-Weckinger
0%
- Ekaterina Kramarenko
0%
- Ekaterina Kurbatova
0%
- Elena Dolgopolova
0%
- Elena Grosheva
0%
- Elena Gurova
0%
- Elena Lebedeva
0%
- Elena Mărgărit
0%
- Elena Polevaya
0%
- Elena Săcălici
0%
- Elena Santoni
0%
- Elena Sazonenkova
0%
- Elena Zamolodchikova
0%
- Emilia Vătășoiu
0%
- Erzsébet Gulyás-Köteles
0%
- Eugenia Popa
0%
- Eva Banati
0%
- Eva Bosáková
0%
- Evgenia Roschina
0%
- Evy Berggren
0%
- Fan Di
0%
- Florica Leonida
0%
- Franka Voigt
0%
- Gabriele Fähnrich
0%
- Galina Rud'ko
0%
- Galina Sarabidze
0%
- Ginette Durand
0%
- Ginko Abukawa
0%
- Göta Pettersson
0%
- Gunnel Ljungström
0%
- Hana Lišková
0%
- Hana Růžičková
0%
- Heike Gerisch
0%
- Heike Kuhardt
0%
- He Ning
0%
- Hilary Grivich
0%
- Hiroko Ikenada
0%
- Hiroko Tsuji
0%
- Hjördis Nordin
0%
- Hollie Vise
0%
- Huang Huidan
0%
- Ilona Bánhegyi Milanovits
0%
- Inga Shkarupa
0%
- Ingrid Sandahl
0%
- Ionela Loaieș
0%
- Irén Daruházi-Karcsics
0%
- Irene Abel
0%
- Irène Pittelioen
0%
- Irina Alexeeva
0%
- Irina Baraksanova
0%
- Irina Pervuschina
0%
- Jacqui Dunn
0%
- Jana Fuhrmann
0%
- Jana Kubičková
0%
- Jana Vogel
0%
- Jaroslava Sedláčková
0%
- Jaycie Phelps
0%
- Jeanette Vogelbacher
0%
- Jiang Yuyuan
0%
- Ji Liya
0%
- Jindra Košťálová
0%
- Karin Lindberg
0%
- Katie Heenan
0%
- Keiko Ikeda
0%
- Kelly Simm
0%
- Kerstin Jacobs
0%
- Kiyoko Ono
0%
- Klaudia Rapp
0%
- Kristina Pravdina
0%
- Krisztina Medveczky
0%
- Kui Yuanyuan
0%
- Lăcrămioara Filip
0%
- Larisa Petrik
0%
- Larissa Fontaine
0%
- Laura Micheli
0%
- Lavinia Miloșovici
0%
- Libuse Cmiralova
0%
- Licia Macchini
0%
- Li Cuiling
0%
- Lidiya Ivanova
0%
- Lidiya Kalinina
0%
- Lilia Akhaimova
0%
- Liliana Scaricabarozzi
0%
- Liliane Montagne
0%
- Lilia Torriani
0%
- Liu Jinru
0%
- Liu Xuan
0%
- Li Ya
0%
- Li Yan
0%
- Loredana Boboc
0%
- Luba Krasna
0%
- Ludmila Ezhova
0%
- Ludmila Švédová
0%
- Luo Huan
0%
- Lyubov Burda
0%
- Madeleine Jouffroy
0%
- Mao Yanling
0%
- Mao Yi
0%
- Marcella Váchová
0%
- Maria Kharenkova
0%
- Maria Neculiță
0%
- Marianna Krajčírová
0%
- Marianne Noack
0%
- Maria Olaru
0%
- Maria Zasypkina
0%
- Marilena Neacșu
0%
- Marilena Vlădărău
0%
- Marja Nutti
0%
- Martina Jentsch
0%
- Mary Beth Arnold
0%
- Matylda Matoušková
0%
- Ma Ying
0%
- Meng Fei
0%
- Michelle Campi
0%
- Mirela Barbălată
0%
- Mirela Pașca
0%
- Mirela Țugurlan
0%
- Miroslava Brdičková
0%
- Mitsuko Kandori
0%
- Mohini Bhardwaj
0%
- Monette Russo
0%
- Monica Roșu
0%
- Mónika Császár
0%
- Nadia Hațegan
0%
- Natalia Ivanova
0%
- Natalia Kalinina
0%
- Natalia Lashchenova
0%
- Natalia Tereschenko
0%
- Natalia Ziganshina
0%
- Nataliya Horodny
0%
- Natasha Kelley
0%
- Nina Bocharova
0%
- Oana Ban
0%
- Oksana Fabrichnova
0%
- Olesya Dudnik
0%
- Olga Karasyova
0%
- Olga Kharlova
0%
- Olga Lemhényi-Tass
0%
- Olga Strazheva
0%
- Olha Rozshchupkina
0%
- Olha Teslenko
0%
- Pang Panpan
0%
- Pelageya Danilova
0%
- Polina Miller
0%
- Qiao Ya
0%
- Rachel Tidd
0%
- Raisa Borisova
0%
- Renata Bianchi
0%
- Richarda Schmeißer
0%
- Rozalia Galiyeva
0%
- Ruby Harrold
0%
- Rusudan Sikharulidze
0%
- Sabina Cojocar
0%
- Shayla Worley
0%
- Silvia Hindorff
0%
- Silvia Rau
0%
- Silvia Stroescu
0%
- Simona Renciu
0%
- Soňa Brázdová
0%
- Steliana Nistor
0%
- Stephanie Moorhouse
0%
- Svetlana Baitova
0%
- Svetlana Bakhtina
0%
- Svetlana Boginskaya
0%
- Svetlana Klyukina
0%
- Tabitha Yim
0%
- Taki Shibuya
0%
- Taniko Mitsukuri
0%
- Taniko Nakamura
0%
- Tan Jiaxin
0%
- Tan Sixin
0%
- Tasha Schwikert
0%
- Tatiana Arzhannikova
0%
- Tatiana Lysenko
0%
- Tatiana Tuzhikova
0%
- Teresa Kulikowski
0%
- Terin Humphrey
0%
- Tetiana Yarosh
0%
- Toshiko Shirasu
0%
- Ute Wittwer
0%
- Vanda Hădărean
0%
- Vanja Blomberg
0%
- Věra Drazdíková
0%
- Vera Kolesnikova
0%
- Věra Vančurová
0%
- Viktoria Karpenko
0%
- Wang Wenjing
0%
- Wen Jia
0%
- Wu Jiani
0%
- Xiao Sha
0%
- Yang Bo
0%
- Yang Yilin
0%
- Yasuko Furuyama
0%
- Yekaterina Lobaznyuk
0%
- Ye Linlin
0%
- Yevgeniya Kuznetsova
0%
- Yulia Belokobylskaya
0%
- Yulia Inshina
0%
- Zdena Lizkova
0%
- Zhang Jin
0%
- Zhang Nan
0%
- Zhou Duan
0%
- Zhou Zhuoru
0%
- Zhu Zheng
0%
- Zinaida Voronina
0%
- Zsuzsa Matulai
0%
- Zsuzsa Nagy
0%
No matching quizzes found
Score Distribution
Percent of People with Each Score
Percentile by Number Answered
Your Score History
You have not taken this quiz